[Event "RUS-chT2"]
[Site "Sochi"]
[Date "2017.05.08"]
[Round "7.6"]
[White "Pavlov, Maxim"]
[Black "Gusarov, Grigory"]
[Result "1/2-1/2"]
[WhiteElo "2486"]
[BlackElo "2320"]
[PlyCount "79"]
[EventDate "2017.05.01"]
[EventType "team-swiss"]
[EventRounds "9"]
[EventCountry "RUS"]
[SourceTitle "CBM 178 Extra"]
[Source "ChessBase"]
[SourceDate "2017.06.22"]
[SourceVersion "1"]
[SourceVersionDate "2017.06.22"]
[SourceQuality "1"]
[WhiteTeam "Krym Respublic Tauris"]
[BlackTeam "Nizhny Tagil Politekhnik"]
[WhiteTeamCountry "RUS"]
[BlackTeamCountry "RUS"]

1. e4 e5 2. Nf3 Nf6 3. Nxe5 d6 4. Nf3 Nxe4 5. Qe2 Qe7 6. d3 Nf6 7. Bg5 Qxe2+ 8. Bxe2 Be7 9. Nc3 h6 10. Bf4 Nc6 11. 0-0-0 Bf5 12. h3 0-0-0 13. Rhe1 Rhe8 14. Bf1 Bf8 15. a3 Rxe1 16. Rxe1 Re8 17. Rxe8+ Nxe8 18. Nb5 a6 19. Nbd4 Nxd4 20. Nxd4 Bd7 21. c4 g5 22. Bd2 Bg7 23. Bc3 Kd8 24. Kd2 c5 25. Ne2 Bxc3+ 26. Nxc3 Bc6 27. d4 Ng7 28. d5 Bd7 29. g4 f5 30. f3 Ke7 31. Be2 Kf6 32. Ke3 Ke5 33. Nd1 Be8 34. Nf2 Bg6 35. Nd3+ Kf6 36. Nf2 Ke5 37. Nd3+ Kf6 38. Nf2 Ke5 39. Nd3+ Kf6 40. Nf2 1/2-1/2

[Event "RUS-chT2"]
[Site "Sochi"]
[Date "2017.05.01"]
[Round "1.1"]
[White "Pavlov, Maxim"]
[Black "Kovalev, Vladislav"]
[Result "0-1"]
[WhiteElo "2486"]
[BlackElo "2629"]
[PlyCount "134"]
[EventDate "2017.05.01"]
[EventType "team-swiss"]
[EventRounds "9"]
[EventCountry "RUS"]
[SourceTitle "CBM 178 Extra"]
[Source "ChessBase"]
[SourceDate "2017.06.22"]
[SourceVersion "1"]
[SourceVersionDate "2017.06.22"]
[SourceQuality "1"]
[WhiteTeam "Krym Respublic Tauris"]
[BlackTeam "Togliatti Bukavshin"]
[WhiteTeamCountry "RUS"]
[BlackTeamCountry "RUS"]

1. e4 g6 2. d4 Bg7 3. Nc3 d6 4. g3 Nf6 5. Bg2 0-0 6. Nge2 Nbd7 7. h3 e5 8. Be3 c6 9. a4 exd4 10. Bxd4 Re8 11. 0-0 b6 12. g4 Nc5 13. Ng3 Ba6 14. Re1 Ne6 15. Be3 Qc7 16. g5 Nd7 17. Qd2 f6 18. gxf6 Nxf6 19. Rad1 Rad8 20. Qc1 Qe7 21. e5 dxe5 22. Bxc6 Rf8 23. Rxd8 Rxd8 24. Bg2 Qb4 25. Bd2 Qc5 26. Nge4 Nxe4 27. Nxe4 Qc7 28. Bg5 Rf8 29. Qd2 Bb7 30. c3 Kh8 31. Rd1 Qc6 32. b3 Nc5 33. Re1 Nxb3 34. Qa2 Na5 35. Be7 Rc8 36. Rd1 Nc4 37. Rd3 h6 38. Rg3 Qe6 39. Nd6 Bxg2 40. Nxc8 Bd5 41. Qb1 e4 42. Qd1 e3 43. fxe3 Nxe3 44. Qe1 Nf5 45. Qxe6 Bxe6 46. Rd3 Bxc8 47. Rd8+ Kh7 48. Rxc8 Nxe7 49. Rc7 Nd5 50. Rxa7 Nxc3 51. Kg2 h5 52. a5 bxa5 53. Rxa5 Ne4 54. Kf3 Nd6 55. Rd5 Nf7 56. Ra5 Bf8 57. Kf4 Kg7 58. Ra6 Bd6+ 59. Kf3 Kf6 60. Ra5 Ng5+ 61. Kg2 Be5 62. Ra4 Kf5 63. Ra5 Ne6 64. Ra4 Nf4+ 65. Kh2 g5 66. Kg3 h4+ 67. Kh2 Bc3 0-1

[Event "Alushta Summer 3rd"]
[Site "Alushta"]
[Date "2016.06.17"]
[Round "6"]
[White "Pavlov, Maxim"]
[Black "Yandemirov, Valeri"]
[Result "1/2-1/2"]
[WhiteElo "2491"]
[BlackElo "2382"]
[PlyCount "31"]
[EventDate "2016.06.13"]
[EventType "tourn"]
[EventRounds "10"]
[EventCountry "UKR"]
[EventCategory "6"]
[SourceTitle "CBM 173 Extra"]
[Source "ChessBase"]
[SourceDate "2016.08.29"]
[SourceVersion "1"]
[SourceVersionDate "2016.08.29"]
[SourceQuality "1"]

1. b3 e5 2. Bb2 d6 3. c4 g6 4. Nf3 Bg7 5. g3 c5 6. Bg2 Nc6 7. 0-0 Nge7 8. Nc3 0-0 9. Ne1 Be6 10. Nc2 d5 11. cxd5 Nxd5 12. Ne3 Nce7 13. d3 Rc8 14. Ne4 b6 15. Ng5 Bd7 16. Nc4 1/2-1/2

[Event "Simferopol Crimea Autumn"]
[Site "Simferopol"]
[Date "2013.11.19"]
[Round "9"]
[White "Pavlov, Maxim"]
[Black "Kurbedinov, Ramis"]
[Result "1-0"]
[WhiteElo "2463"]
[BlackElo "2331"]
[PlyCount "117"]
[EventDate "2013.11.13"]
[EventType "tourn"]
[EventRounds "10"]
[EventCountry "UKR"]
[EventCategory "8"]
[SourceTitle "CBM 157 Extra"]
[Source "ChessBase"]
[SourceDate "2013.12.19"]
[SourceVersion "1"]
[SourceVersionDate "2013.12.19"]
[SourceQuality "1"]

1. e4 e5 2. Nf3 Nc6 3. Bb5 Nd4 4. Nxd4 exd4 5. 0-0 Bc5 6. d3 c6 7. Ba4 d5 8. exd5 Qxd5 9. Nd2 Ne7 10. Ne4 Bb6 11. Bf4 0-0 12. Bd6 Re8 13. Bb3 Qf5 14. Bg3 Qg6 15. Re1 Rf8 16. Nd6 Nd5 17. Qf3 Bc7 18. Qe4 Bxd6 19. Qxg6 hxg6 20. Bxd6 Rd8 21. Bc5 Be6 22. Re4 Bf5 23. Rxd4 b6 24. Bb4 Nxb4 25. Rxb4 Re8 26. Kf1 Re7 27. Re1 Rxe1+ 28. Kxe1 c5 29. Rf4 Kf8 30. Rf3 f6 31. Kd2 Rd8 32. Re3 g5 33. Bc4 Bc8 34. a3 Bb7 35. f3 g4 36. fxg4 Bxg2 37. b4 Bd5 38. Bb5 g5 39. bxc5 bxc5 40. Kc3 Bf7 41. Bc4 Re8 42. Rf3 Kg7 43. Bxf7 Kxf7 44. Rf2 Re5 45. Kc4 Ke6 46. a4 a6 47. a5 Kf7 48. h3 Ke6 49. Rf3 Re2 50. c3 Rc2 51. Rf5 Rh2 52. Rxc5 Rxh3 53. Rc6+ Kf7 54. Rxa6 Rg3 55. d4 Rxg4 56. Ra8 Rg1 57. a6 Ra1 58. a7 Kg7 59. d5 1-0

[Event "Simferopol Crimea Autumn"]
[Site "Simferopol"]
[Date "2013.11.16"]
[Round "5"]
[White "Pavlov, Maxim"]
[Black "Shtyrenkov, Veniamen"]
[Result "1/2-1/2"]
[WhiteElo "2463"]
[BlackElo "2337"]
[PlyCount "29"]
[EventDate "2013.11.13"]
[EventType "tourn"]
[EventRounds "10"]
[EventCountry "UKR"]
[EventCategory "8"]
[SourceTitle "CBM 157 Extra"]
[Source "ChessBase"]
[SourceDate "2013.12.19"]
[SourceVersion "1"]
[SourceVersionDate "2013.12.19"]
[SourceQuality "1"]

1. e4 e6 2. d4 d5 3. Nc3 Nf6 4. Bg5 dxe4 5. Nxe4 Be7 6. Bxf6 gxf6 7. Nf3 f5 8. Nc3 a6 9. g3 b5 10. Bg2 Bb7 11. 0-0 c5 12. dxc5 Bxc5 13. Qxd8+ Kxd8 14. Ne5 Bxg2 15. Kxg2 1/2-1/2

[Event "Simferopol Crimea Autumn"]
[Site "Simferopol"]
[Date "2013.11.13"]
[Round "1"]
[White "Alexeev, Alexey"]
[Black "Pavlov, Maxim"]
[Result "0-1"]
[WhiteElo "2316"]
[BlackElo "2463"]
[PlyCount "152"]
[EventDate "2013.11.13"]
[EventType "tourn"]
[EventRounds "10"]
[EventCountry "UKR"]
[EventCategory "8"]
[SourceTitle "CBM 157 Extra"]
[Source "ChessBase"]
[SourceDate "2013.12.19"]
[SourceVersion "1"]
[SourceVersionDate "2013.12.19"]
[SourceQuality "1"]

1. e4 c5 2. Nf3 d6 3. d4 cxd4 4. Nxd4 Nf6 5. Nc3 a6 6. g3 e5 7. Nb3 Be7 8. a4 Nc6 9. Bg2 Nb4 10. Bg5 0-0 11. 0-0 Bg4 12. Qd2 Rc8 13. a5 Qd7 14. Rfc1 Be6 15. Bxf6 Bxf6 16. Nd5 Nxd5 17. exd5 Bf5 18. c4 h6 19. Rc3 e4 20. Nd4 Bg6 21. Bf1 Bg5 22. Qe1 Rc5 23. b4 Rc7 24. Rb3 Bf6 25. Rd1 Ra8 26. b5 Rc5 27. bxa6 Rxa6 28. Rb5 Rc7 29. Rb6 Rxb6 30. axb6 Rc8 31. Nb5 Be5 32. Qe2 Kh7 33. Bg2 f5 34. Nc7 Qa4 35. Rb1 Bf7 36. Bh3 g6 37. g4 Rg8 38. Kh1 Qa3 39. Bg2 Qc3 40. Nb5 Qd3 41. Qxd3 exd3 42. gxf5 gxf5 43. Rd1 Rg4 44. Bh3 Rxc4 45. Bxf5+ Kg7 46. Rxd3 Kf6 47. Be6 Bg6 48. Re3 Bf4 49. Rb3 Bc2 50. Rc3 Rxc3 51. Nxc3 Bd2 52. Nb5 Be4+ 53. Kg1 Ke5 54. Bc8 Bxd5 55. Nc7 Bf3 56. Ne6 Bg4 57. Nd4 Bxc8 58. Nf3+ Kd5 59. Nxd2 Kc6 60. f4 Kxb6 61. Kf2 Kc6 62. Ke3 b5 63. Kd4 Be6 64. Ne4 b4 65. Ng3 Bf7 66. f5 Kd7 67. f6 d5 68. Nf5 h5 69. Ne7 b3 70. Kc3 d4+ 71. Kb2 d3 72. Kc3 d2 73. Kxd2 Ke6 74. Kc3 Kxf6 75. Nc6 Kf5 76. Nd4+ Kg4 0-1

[Event "Alushta Autumn 4th"]
[Site "Alushta"]
[Date "2013.09.14"]
[Round "6"]
[White "Pavlov, Maxim"]
[Black "Shtyrenkov, Veniamen"]
[Result "1-0"]
[WhiteElo "2408"]
[BlackElo "2341"]
[PlyCount "59"]
[EventDate "2013.09.11"]
[EventType "tourn"]
[EventRounds "14"]
[EventCountry "UKR"]
[EventCategory "7"]
[SourceTitle "CBM 156 Extra"]
[Source "ChessBase"]
[SourceDate "2013.10.22"]
[SourceVersion "1"]
[SourceVersionDate "2013.10.22"]
[SourceQuality "1"]

1. e4 c6 2. d4 d5 3. e5 c5 4. Nf3 Nc6 5. c4 cxd4 6. Nxd4 e6 7. Nc3 Bc5 8. Nxc6 bxc6 9. Bd3 Ne7 10. 0-0 Ng6 11. Na4 Bb6 12. Qe2 Qh4 13. Nxb6 axb6 14. f4 dxc4 15. Bxc4 Ne7 16. Be3 Nd5 17. Bxd5 cxd5 18. Qb5+ Bd7 19. Qb4 d4 20. Bxd4 Ra4 21. Qd6 Qe7 22. Qb8+ Qd8 23. Qxd8+ Kxd8 24. Bxb6+ Ke8 25. b3 Ra6 26. Bc5 Bc6 27. a4 Kd7 28. a5 Bd5 29. b4 Rb8 30. Bb6 1-0

[Event "Alushta Autumn 4th"]
[Site "Alushta"]
[Date "2013.09.13"]
[Round "4"]
[White "Mikhaletz, Lubomir"]
[Black "Pavlov, Maxim"]
[Result "0-1"]
[WhiteElo "2428"]
[BlackElo "2408"]
[PlyCount "92"]
[EventDate "2013.09.11"]
[EventType "tourn"]
[EventRounds "14"]
[EventCountry "UKR"]
[EventCategory "7"]
[SourceTitle "CBM 156 Extra"]
[Source "ChessBase"]
[SourceDate "2013.10.22"]
[SourceVersion "1"]
[SourceVersionDate "2013.10.22"]
[SourceQuality "1"]

1. e4 c5 2. Nf3 d6 3. d4 cxd4 4. Nxd4 Nf6 5. Nc3 Nc6 6. Bg5 Bd7 7. Nb3 h6 8. Bh4 g5 9. Bg3 Bg7 10. h4 g4 11. h5 Qb6 12. Bf4 a6 13. Bd3 Rc8 14. Be3 Qc7 15. Na4 Be6 16. Nb6 Rb8 17. Nd4 Nxd4 18. Bxd4 Kf8 19. c3 Nxh5 20. Nd5 Bxd5 21. Bxg7+ Nxg7 22. exd5 Qc5 23. Qxg4 Qxd5 24. 0-0-0 Qxa2 25. Rde1 Qd5 26. Re3 h5 27. Qh4 Ne6 28. f4 Re8 29. f5 Ng7 30. Rhe1 Nxf5 31. Bxf5 Qxf5 32. Rxe7 Rxe7 33. Qxe7+ Kg7 34. Qxb7 a5 35. Qb6 Rh6 36. Qd4+ Rf6 37. Re2 Kg6 38. Rd2 Re6 39. Rf2 Qe5 40. Qd3+ f5 41. Kc2 h4 42. b4 axb4 43. cxb4 d5 44. b5 d4 45. Rd2 Qc5+ 46. Kb2 Rb6 0-1

[Event "Alushta Autumn 4th"]
[Site "Alushta"]
[Date "2013.09.13"]
[Round "5"]
[White "Pavlov, Maxim"]
[Black "Yandemirov, Valeri"]
[Result "1/2-1/2"]
[WhiteElo "2408"]
[BlackElo "2423"]
[PlyCount "27"]
[EventDate "2013.09.11"]
[EventType "tourn"]
[EventRounds "14"]
[EventCountry "UKR"]
[EventCategory "7"]
[SourceTitle "CBM 156 Extra"]
[Source "ChessBase"]
[SourceDate "2013.10.22"]
[SourceVersion "1"]
[SourceVersionDate "2013.10.22"]
[SourceQuality "1"]

1. d4 Nf6 2. Nf3 g6 3. Bf4 Bg7 4. e3 0-0 5. h3 b6 6. Be2 Bb7 7. 0-0 d6 8. c3 Nbd7 9. a4 a5 10. Nbd2 Re8 11. Nc4 Ne4 12. Nfd2 Nxd2 13. Qxd2 e5 14. Bg3 1/2-1/2

[Event "Alushta Summer 1st"]
[Site "Alushta"]
[Date "2012.06.10"]
[Round "11"]
[White "Pavlov, Maxim"]
[Black "Azaladze, Shota"]
[Result "1/2-1/2"]
[WhiteElo "2384"]
[BlackElo "2489"]
[PlyCount "25"]
[EventDate "2012.06.02"]
[EventType "tourn"]
[EventRounds "11"]
[EventCountry "UKR"]
[EventCategory "6"]
[SourceTitle "CBM 148 Extra"]
[Source "ChessBase"]
[SourceDate "2012.06.22"]
[SourceVersion "1"]
[SourceVersionDate "2012.06.22"]
[SourceQuality "1"]

1. e4 d5 2. exd5 Qxd5 3. Nc3 Qa5 4. d4 Nf6 5. Nf3 c6 6. Bc4 Bg4 7. h3 Bxf3 8. Qxf3 e6 9. 0-0 Bd6 10. Ne4 Nxe4 11. Qxe4 0-0 12. Bd3 g6 13. Bh6 1/2-1/2

[Event "Alushta Summer 1st"]
[Site "Alushta"]
[Date "2012.06.08"]
[Round "9"]
[White "Pavlov, Maxim"]
[Black "Shtyrenkov, Veniamen"]
[Result "1-0"]
[WhiteElo "2384"]
[BlackElo "2361"]
[PlyCount "71"]
[EventDate "2012.06.02"]
[EventType "tourn"]
[EventRounds "11"]
[EventCountry "UKR"]
[EventCategory "6"]
[SourceTitle "CBM 148 Extra"]
[Source "ChessBase"]
[SourceDate "2012.06.22"]
[SourceVersion "1"]
[SourceVersionDate "2012.06.22"]
[SourceQuality "1"]

1. e4 c5 2. Nf3 d6 3. d4 cxd4 4. Nxd4 Nf6 5. Nc3 e6 6. Be2 a6 7. f4 Nbd7 8. Bf3 Qc7 9. 0-0 Be7 10. Kh1 Rb8 11. a4 b6 12. e5 dxe5 13. fxe5 Nxe5 14. Bf4 Bd7 15. Qe2 Bd6 16. Qxa6 Qc4 17. Ndb5 0-0 18. Be2 Qc6 19. Nxd6 Qxd6 20. Qd3 Nd5 21. Bf3 f6 22. Nxd5 exd5 23. Bxd5+ Be6 24. Rad1 Rbd8 25. Bxe6+ Qxe6 26. Qe4 Rxd1 27. Rxd1 Qg4 28. Rd4 Re8 29. Bxe5 Qe6 30. Rd5 fxe5 31. Kg1 Qh6 32. Rd1 Qf6 33. b3 Rd8 34. Rd5 Rxd5 35. Qxd5+ Kf8 36. Qf3 1-0

[Event "Alushta Summer 1st"]
[Site "Alushta"]
[Date "2012.06.06"]
[Round "5"]
[White "Pavlov, Maxim"]
[Black "Iljin, Timofey"]
[Result "1-0"]
[WhiteElo "2384"]
[BlackElo "2482"]
[PlyCount "103"]
[EventDate "2012.06.02"]
[EventType "tourn"]
[EventRounds "11"]
[EventCountry "UKR"]
[EventCategory "6"]
[SourceTitle "CBM 148 Extra"]
[Source "ChessBase"]
[SourceDate "2012.06.22"]
[SourceVersion "1"]
[SourceVersionDate "2012.06.22"]
[SourceQuality "1"]

1. e4 c5 2. Nf3 Nc6 3. d4 cxd4 4. Nxd4 Nf6 5. Nc3 e5 6. Ndb5 d6 7. Bg5 a6 8. Na3 b5 9. Nd5 Be7 10. Bxf6 Bxf6 11. c3 0-0 12. Nc2 Bg5 13. a4 bxa4 14. Rxa4 a5 15. Bc4 Rb8 16. Ra2 Kh8 17. Nce3 g6 18. h4 Bxh4 19. g3 Bg5 20. f4 exf4 21. gxf4 Bh4+ 22. Kf1 f5 23. b4 fxe4 24. Rah2 g5 25. b5 Ne5 26. Qd4 Rb7 27. Rxh4 gxh4 28. Ke2 h3 29. fxe5 Rg7 30. Nf6 dxe5 31. Qxd8 Rxd8 32. Bd5 Rg6 33. Nxe4 Rg2+ 34. Nf2 Bg4+ 35. Kf1 Rxd5 36. Nxd5 Bf3 37. Rxh3 Bxd5 38. c4 Bb7 39. c5 Rg6 40. Ra3 Bd5 41. Rxa5 Kg7 42. Ra7+ Kf6 43. b6 Rg8 44. Rd7 Bg2+ 45. Ke2 Rc8 46. Nd3 e4 47. Nb4 Rxc5 48. b7 Rb5 49. Nc6 Rb2+ 50. Ke3 Rb3+ 51. Kf2 Bh3 52. Rd6+ 1-0

[Event "Geller Memorial op-B 7th"]
[Site "Odessa"]
[Date "2011.08.24"]
[Round "5"]
[White "Rakhmangulova, Anastasiya"]
[Black "Pavlov, Maxim"]
[Result "0-1"]
[WhiteElo "2196"]
[BlackElo "2378"]
[PlyCount "106"]
[EventDate "2011.08.20"]
[EventType "swiss"]
[EventRounds "9"]
[EventCountry "UKR"]
[SourceTitle "EXT 2014"]
[Source "ChessBase"]
[SourceDate "2013.11.20"]
[SourceVersion "1"]
[SourceVersionDate "2013.11.20"]
[SourceQuality "1"]

1. e4 d6 2. d4 Nf6 3. Nc3 e5 4. Nf3 Nbd7 5. Bc4 Be7 6. 0-0 0-0 7. a4 c6 8. Re1 b6 9. Bg5 Bb7 10. Ba2 a6 11. Nh4 g6 12. h3 Ne8 13. Bxe7 Qxe7 14. Nf3 Kg7 15. Ne2 Nc7 16. Qd2 Rad8 17. Nh2 Nf6 18. Ng3 h6 19. Qb4 b5 20. dxe5 Qxe5 21. Nf3 Qc5 22. Qd2 Bc8 23. Rad1 Be6 24. b4 Qb6 25. a5 Qb7 26. Nd4 c5 27. Nxe6+ fxe6 28. bxc5 dxc5 29. Qxd8 Rxd8 30. Rxd8 c4 31. e5 Nfd5 32. Ne4 Qc6 33. Rd6 Qe8 34. c3 Qc8 35. Rc6 Qf8 36. Nf6 Qe7 37. Rd1 Nxf6 38. exf6+ Kxf6 39. Bb1 Ke5 40. Bxg6 Nd5 41. Rxa6 Nxc3 42. Re1+ Kd4 43. Raxe6 Qa3 44. a6 b4 45. Rd6+ Kc5 46. Ree6 Ne2+ 47. Kh2 Nd4 48. Rf6 b3 49. Rd7 c3 50. Rc7+ Kd5 51. Rxc3 Qa1 52. Rc7 Ne6 53. Rb7 Qxf6 0-1

[Event "Geller Memorial op-A 7th"]
[Site "Odessa"]
[Date "2011.08.23"]
[Round "4"]
[White "Pavlov, Maxim"]
[Black "Mirzoev, Emil"]
[Result "1-0"]
[WhiteElo "2378"]
[BlackElo "2138"]
[PlyCount "143"]
[EventDate "2011.08.20"]
[EventType "swiss"]
[EventRounds "9"]
[EventCountry "UKR"]
[SourceTitle "EXT 2014"]
[Source "ChessBase"]
[SourceDate "2013.11.20"]
[SourceVersion "1"]
[SourceVersionDate "2013.11.20"]
[SourceQuality "1"]

1. e4 c5 2. Nf3 e6 3. d4 cxd4 4. Nxd4 Nc6 5. Nb5 d6 6. Bf4 e5 7. Be3 Nf6 8. Bg5 Be6 9. Bxf6 gxf6 10. Nd2 a6 11. Nc3 Bg7 12. Nc4 Nd4 13. Bd3 Rc8 14. Ne3 Bh6 15. Ncd5 f5 16. exf5 Bxd5 17. Nxd5 Qa5+ 18. Nc3 Rxc3 19. bxc3 Qxc3+ 20. Kf1 Ke7 21. Rb1 b5 22. h4 Rc8 23. Rh3 Qc6 24. f6+ Kxf6 25. Qh5 Bf4 26. Qxh7 d5 27. Rb4 Nxc2 28. Rxf4+ exf4 29. Rf3 Nd4 30. Rxf4+ Ke5 31. Qh5+ f5 32. g3 Rf8 33. Qd1 Qc3 34. Kg2 a5 35. Bxb5 Qb2 36. Bd3 Qc3 37. h5 Ne6 38. Rf3 Nd4 39. Re3+ Kd6 40. Bb1 Qb2 41. Rd3 Kc5 42. Qa4 Nc6 43. Rb3 Qc1 44. Qb5+ Kd6 45. Rd3 Qc5 46. Qxc5+ Kxc5 47. Rf3 Nd4 48. Rf4 Rh8 49. Rh4 f4 50. h6 Ne6 51. h7 fxg3 52. fxg3 d4 53. Rg4 Nf8 54. Rg8 Rxh7 55. Rxf8 Rb7 56. Rf1 Rb2+ 57. Kh3 Kc4 58. Rc1+ Kb4 59. g4 Re2 60. Rd1 Re3+ 61. Kg2 Kc3 62. Kf2 a4 63. g5 Re7 64. g6 a3 65. Rd3+ Kb2 66. Rb3+ Ka1 67. Rb6 d3 68. Bxd3 Kxa2 69. Bc4+ Ka1 70. Ra6 Kb2 71. Bf7 Rc7 72. Kg3 1-0

[Event "Geller Memorial op-A 7th"]
[Site "Odessa"]
[Date "2011.08.21"]
[Round "2"]
[White "Pavlov, Maxim"]
[Black "Bernatskiy, Alexander"]
[Result "1-0"]
[WhiteElo "2378"]
[BlackElo "1963"]
[PlyCount "49"]
[EventDate "2011.08.20"]
[EventType "swiss"]
[EventRounds "9"]
[EventCountry "UKR"]
[SourceTitle "EXT 2014"]
[Source "ChessBase"]
[SourceDate "2013.11.20"]
[SourceVersion "1"]
[SourceVersionDate "2013.11.20"]
[SourceQuality "1"]

1. e4 c5 2. Nf3 d6 3. d4 cxd4 4. Nxd4 Nf6 5. Nc3 a6 6. Be3 e5 7. Nb3 Be6 8. Qd2 Be7 9. 0-0-0 0-0 10. h3 a5 11. a4 Nbd7 12. f4 exf4 13. Bxf4 Ne5 14. Nd4 Bd7 15. g4 Rc8 16. Nf5 Bxf5 17. exf5 Re8 18. Bb5 Rf8 19. Kb1 Rc5 20. Qe2 Qc7 21. g5 Nfd7 22. Bxd7 Qxd7 23. Bxe5 Qxf5 24. Bd4 Bxg5 25. Bxc5 1-0

[Event "UKR-ch sf"]
[Site "Alushta"]
[Date "2011.05.11"]
[Round "9"]
[White "Pavlov, Maxim"]
[Black "Kharchenko, Boris"]
[Result "1/2-1/2"]
[WhiteElo "2364"]
[BlackElo "2459"]
[PlyCount "83"]
[EventDate "2011.05.03"]
[EventType "swiss"]
[EventRounds "9"]
[EventCountry "UKR"]
[SourceTitle "CBM 142 Extra"]
[Source "ChessBase"]
[SourceDate "2011.06.27"]
[SourceVersion "1"]
[SourceVersionDate "2011.06.27"]
[SourceQuality "1"]

1. e4 e5 2. Nf3 Nc6 3. Bb5 a6 4. Bxc6 dxc6 5. Nc3 f6 6. d4 exd4 7. Nxd4 c5 8. Nde2 Qxd1+ 9. Nxd1 Be6 10. Bf4 0-0-0 11. Ne3 Ne7 12. Bg3 g6 13. Nf4 Bf7 14. Nd3 c4 15. Nf4 Bg7 16. c3 h5 17. h4 Rhe8 18. f3 f5 19. 0-0 Rd2 20. Rab1 Red8 21. exf5 Nxf5 22. Nxf5 gxf5 23. Nh3 b5 24. Bf4 Re2 25. Bg5 Rd7 26. Nf4 Rc2 27. Rf2 Rxf2 28. Kxf2 Kb7 29. a3 Kb6 30. Ke2 Ka5 31. Rd1 Rxd1 32. Kxd1 Ka4 33. Kc2 Bf8 34. Ne2 c5 35. Bf4 a5 36. Kb1 b4 37. Ka2 Bg7 38. Bd6 Kb5 39. Kb1 Bf6 40. Bg3 Ka4 41. Ka2 Kb5 42. Kb1 1/2-1/2

[Event "UKR-ch sf"]
[Site "Alushta"]
[Date "2011.05.08"]
[Round "6"]
[White "Onyshchuk, Volodymyr"]
[Black "Pavlov, Maxim"]
[Result "1-0"]
[WhiteElo "2498"]
[BlackElo "2364"]
[PlyCount "105"]
[EventDate "2011.05.03"]
[EventType "swiss"]
[EventRounds "9"]
[EventCountry "UKR"]
[SourceTitle "CBM 142 Extra"]
[Source "ChessBase"]
[SourceDate "2011.06.27"]
[SourceVersion "1"]
[SourceVersionDate "2011.06.27"]
[SourceQuality "1"]

1. Nf3 d5 2. g3 Nf6 3. Bg2 c6 4. d3 Bf5 5. 0-0 e6 6. Nbd2 h6 7. Qe1 Be7 8. e4 Bh7 9. Qe2 0-0 10. b3 a5 11. a3 Nbd7 12. Bb2 b5 13. Rfe1 Qb6 14. h3 b4 15. a4 Rfd8 16. Rad1 Rac8 17. Kh2 Qa6 18. Ng1 Nb6 19. f4 dxe4 20. Nxe4 Nbd5 21. Nd2 Nd7 22. Ngf3 Bf6 23. Ne5 Nxe5 24. fxe5 Be7 25. Rf1 Qa7 26. Nc4 Rf8 27. Rde1 Bc5 28. h4 Rcd8 29. Bh3 Qc7 30. Rf3 Ne7 31. Ref1 Nf5 32. Rf4 Rd7 33. Qf3 Rd5 34. h5 Rd7 35. Kh1 Rd5 36. g4 Nd4 37. Bxd4 Rxd4 38. Rxd4 Bxd4 39. g5 hxg5 40. Bxe6 Bxe5 41. Qxf7+ Rxf7 42. Rxf7 Kh8 43. Rf8+ Bg8 44. Rxg8+ Kh7 45. Rc8 Qe7 46. Bf5+ g6 47. Re8 Qc5 48. hxg6+ Kg7 49. Nxe5 Qf2 50. Re7+ Kf8 51. Rf7+ Kg8 52. Be6 Qe1+ 53. Rf1+ 1-0

[Event "UKR-ch sf"]
[Site "Alushta"]
[Date "2011.05.04"]
[Round "2"]
[White "Tukhaev, Adam"]
[Black "Pavlov, Maxim"]
[Result "0-1"]
[WhiteElo "2547"]
[BlackElo "2364"]
[PlyCount "58"]
[EventDate "2011.05.03"]
[EventType "swiss"]
[EventRounds "9"]
[EventCountry "UKR"]
[SourceTitle "CBM 142 Extra"]
[Source "ChessBase"]
[SourceDate "2011.06.27"]
[SourceVersion "1"]
[SourceVersionDate "2011.06.27"]
[SourceQuality "1"]

1. e4 e5 2. Nf3 Nc6 3. d4 exd4 4. Nxd4 Nf6 5. Nxc6 bxc6 6. e5 Qe7 7. Qe2 Nd5 8. c4 Ba6 9. Nd2 g6 10. Nf3 Qb4+ 11. Kd1 Bg7 12. Qd2 Qxd2+ 13. Bxd2 Nb6 14. b3 c5 15. Kc2 Bb7 16. Bd3 0-0 17. Rae1 Rae8 18. Bf4 h6 19. h4 Re6 20. Re3 Rfe8 21. Rhe1 Nc8 22. Nd2 Bxg2 23. Bh2 Ne7 24. Rg1 Bb7 25. h5 Kh8 26. Rh3 g5 27. f4 gxf4 28. Nf3 Bxf3 29. Rxf3 Nc6 0-1

[Event "UKR-chT 17th"]
[Site "Alushta"]
[Date "2010.05.18"]
[Round "8.6"]
[White "Nesterets, Anatoliy"]
[Black "Pavlov, Maxim"]
[Result "1-0"]
[WhiteElo "2408"]
[BlackElo "2383"]
[PlyCount "97"]
[EventDate "2010.05.13"]
[EventType "team-tourn"]
[EventRounds "11"]
[EventCountry "UKR"]
[SourceTitle "EXT 2019"]
[Source "ChessBase"]
[SourceDate "2018.10.10"]
[SourceVersion "1"]
[SourceVersionDate "2018.10.10"]
[SourceQuality "1"]
[WhiteTeam "Tschernihiw No Mercy"]
[BlackTeam "Simferopol Tavriya"]
[WhiteTeamCountry "UKR"]
[BlackTeamCountry "UKR"]

1. e4 c5 2. Nf3 d6 3. d4 cxd4 4. Nxd4 Nf6 5. Nc3 a6 6. Bg5 e6 7. f4 Nc6 8. Nb3 Be7 9. Qf3 h6 10. Bxf6 Bxf6 11. 0-0-0 Qc7 12. g4 g5 13. e5 dxe5 14. Ne4 Be7 15. f5 Bd7 16. f6 Bf8 17. h4 gxh4 18. Kb1 0-0-0 19. c3 Na5 20. Nbd2 Bc6 21. b4 Bxe4+ 22. Qxe4 Qc6 23. Be2 Qxe4+ 24. Nxe4 Rxd1+ 25. Rxd1 Nc6 26. Rh1 Nb8 27. Rxh4 Rg8 28. Rh1 Nd7 29. Rf1 Rh8 30. a3 Kc7 31. Kc2 Nb6 32. c4 Nc8 33. c5 Na7 34. Rh1 Nc6 35. Kd3 Nd4 36. Bd1 b6 37. cxb6+ Kxb6 38. Ng5 Nb5 39. Nxf7 Rh7 40. Nxe5 Bd6 41. Nc4+ Kc7 42. a4 Na7 43. Ke4 Bxb4 44. g5 Nc6 45. g6 Rd7 46. g7 Rd4+ 47. Kf3 Rxc4 48. g8Q Ne5+ 49. Kg2 1-0

[Event "UKR-chT 17th"]
[Site "Alushta"]
[Date "2010.05.16"]
[Round "6.4"]
[White "Sharapov, Evgeny"]
[Black "Pavlov, Maxim"]
[Result "1/2-1/2"]
[WhiteElo "2498"]
[BlackElo "2383"]
[PlyCount "27"]
[EventDate "2010.05.13"]
[EventType "team-tourn"]
[EventRounds "11"]
[EventCountry "UKR"]
[SourceTitle "EXT 2019"]
[Source "ChessBase"]
[SourceDate "2018.10.10"]
[SourceVersion "1"]
[SourceVersionDate "2018.10.10"]
[SourceQuality "1"]
[WhiteTeam "Kerkinitida Eupatoria"]
[BlackTeam "Simferopol Tavriya"]
[WhiteTeamCountry "UKR"]
[BlackTeamCountry "UKR"]

1. e4 c5 2. Nf3 d6 3. d4 cxd4 4. Nxd4 Nf6 5. Nc3 a6 6. g3 e6 7. Bg2 Qc7 8. 0-0 Nc6 9. a4 Be7 10. Nb3 b6 11. Kh1 Bb7 12. f4 0-0 13. Qe2 Rfe8 14. Be3 1/2-1/2